TV Shows Missing 'J' Words Quiz Stats

 Plays Quiz Updated Aug 7, 2019

Score 0/18 Timer 03:00
7 Plays Today
Hint Answer % Correct
Jungle
98.2%
Judy
97.6%
Jump
97.2%
Just
96.6%
Jersey
95.9%
Jerry
95.9%
Jetsons
93.4%
Jill
88.1%
Jamie
87.9%
Hint Answer % Correct
Johnny
87.7%
Jim
80.8%
Jeffersons
74%
Judging
69.1%
Junction
67.4%
Jack
65.6%
Jake
63.7%
Jokers
58.6%
Jeeves
42.8%

You're not logged in!

Compare scores with friends on all Sporcle quizzes.
OR
Log In

Sporcle TV

Today on Sporcle TV


Watch our educational content, quiz creation guides, and fun videos on Sporcle TV.

Show Comments

Extras

Top Quizzes Today


Score Distribution

Your Account Isn't Verified!

In order to create a playlist on Sporcle, you need to verify the email address you used during registration. Go to your Sporcle Settings to finish the process.

Report this User

Report this user for behavior that violates our Community Guidelines.

Details: